000 nam a22 7a 4500
999 _c233610
_d233610
003 Nust
005 20170309114117.0
008 170309b xxu||||| |||| 00| 0 eng d
040 _cdlc
082 _a6
100 _aMartin Tim
245 _aServuce Life of Pavements Context Review and Definition of Terms
942 _2ddc
_cBK